Mental health of college students and their non-college-attending peers: results from a large French cross-sectional survey (Record no. 300207)
[ view plain ]
| 000 -LEADER | |
|---|---|
| fixed length control field | 00783nam a2200133Ia 4500 |
| 008 - FIXED-LENGTH DATA ELEMENTS--GENERAL INFORMATION | |
| fixed length control field | 160809s9999 xx 000 0 und d |
| 100 ## - MAIN ENTRY--PERSONAL NAME | |
| Personal name | Kovess-Masfety, Viviane. |
| 245 ## - TITLE STATEMENT | |
| Title | Mental health of college students and their non-college-attending peers: results from a large French cross-sectional survey |
| 245 ## - TITLE STATEMENT | |
| Statement of responsibility, etc | Viviane Kovess-Masfety, Emmanuelle Leray, Laure Denis, Mathilde Husky, Isabelle Pitrou and Florence Bodeau-Livinec. |
| 260 ## - PUBLICATION, DISTRIBUTION, ETC. (IMPRINT) | |
| Name of publisher, distributor, etc | BMC Psychology |
| 260 ## - PUBLICATION, DISTRIBUTION, ETC. (IMPRINT) | |
| Date of publication, distribution, etc | 21 April 2016 |
| 650 ## - SUBJECT ADDED ENTRY--TOPICAL TERM | |
| General subdivision | PSYCHOLOGY |
| 856 ## - ELECTRONIC LOCATION AND ACCESS | |
| Uniform Resource Identifier | <a href="http://download.springer.com/static/pdf/137/art%253A10.1186%252Fs40359-016-0124-5.pdf?originUrl=http%3A%2F%2Fbmcpsychology.biomedcentral.com%2Farticle%2F10.1186%2Fs40359-016-0124-5&token2=exp=1469411467~acl=%2Fstatic%2Fpdf%2F137%2Fart%25253A10.1186%25252F">http://download.springer.com/static/pdf/137/art%253A10.1186%252Fs40359-016-0124-5.pdf?originUrl=http%3A%2F%2Fbmcpsychology.biomedcentral.com%2Farticle%2F10.1186%2Fs40359-016-0124-5&token2=exp=1469411467~acl=%2Fstatic%2Fpdf%2F137%2Fart%25253A10.1186%25252F</a> |
| Withdrawn status | Lost status | Damaged status | Home library | Current library | Date acquired | Total Checkouts | Date last seen | Price effective from | Koha item type |
|---|---|---|---|---|---|---|---|---|---|
| College Library | College Library | 08/09/2016 | 08/09/2016 | 08/09/2016 | Foreign e-journal articles |